Nákupná a zásobovacia logistika (logistika obstarávania) podniku diplomová práca

Guardado en:
Detalles Bibliográficos
Autor principal: Žiačiková, Katarína
Autor Corporativo: Fakulta podnikového manažmentu EU. Katedra manažmentu výroby a logistiky - zrušená
Otros Autores: Dupaľ, Andrej
Formato: Libro
Lenguaje:eslovaco
Publicado: Bratislava 2011
Etiquetas: Agregar Etiqueta
Sin Etiquetas, Sea el primero en etiquetar este registro!

MARC

LEADER 00000nbm a2200000 4500
001 0131486
005 20161109101708.5
041 0 |a slo 
044 |a SK 
245 1 0 |a Nákupná a zásobovacia logistika (logistika obstarávania) podniku  |b diplomová práca  |c Katarína Žiačiková ; školiteľ: Andrej Dupaľ 
264 1 |a Bratislava  |c 2011 
300 |a 66 s. 
100 1 |a Žiačiková, Katarína 
700 1 |a Dupaľ, Andrej 
710 2 |a Fakulta podnikového manažmentu EU. Katedra manažmentu výroby a logistiky - zrušená